Catálogo

Vista normal Vista MARC

Entrada Personal Name

Número de registros utilizados en: 1

001 - CONTROL NUMBER

  • control field: 17303

003 - CONTROL NUMBER IDENTIFIER

  • control field: DLC

005 - DATE AND TIME OF LATEST TRANSACTION

  • control field: 20250708163249.0

008 - FIXED-LENGTH DATA ELEMENTS

  • fixed length control field: 811224n| acannaabn |a aaa

010 ## - LIBRARY OF CONGRESS CONTROL NUMBER

  • LC control number: n 81129350

035 ## - SYSTEM CONTROL NUMBER

  • System control number: (OCoLC)oca00674243

040 ## - CATALOGING SOURCE

  • Original cataloging agency: DLC
  • Language of cataloging: spa
  • Transcribing agency: Mx-PuUPA
  • Modifying agency: OCoLC
  • Modifying agency: Mx-PuUPA
  • Description conventions: rda

046 ## - SPECIAL CODED DATES

  • Birth date: 1816
  • Death date: 1881

100 1# - HEADING--PERSONAL NAME

  • Personal name: Orozco y Berra, Manuel,
  • Dates associated with a name: 1816-1881

374 ## - OCCUPATION

  • Occupation: Autor

375 ## - GENDER

  • Gender: hombre

377 ## - ASSOCIATED LANGUAGE

  • Language code: spa

400 1# - SEE FROM TRACING--PERSONAL NAME

  • Personal name: Berra, Manuel Orozco y,
  • Dates associated with a name: 1816-1881

670 ## - SOURCE DATA FOUND

  • Source citation: His Historia antigua y de la conquista de México, 1880.